000
00305nam a2200133Ia 4500
008
191201s2006 xx 000 0 und d
082
_a
005.133
_b
BAJ
100
_a
Bayross
245
0
_a
Java 2.0
260
_a
N.Delhi
_b
BPB Publication
_c
2006
300
_a
975
650
_a
B.Tech(IT)
942
_2
ddc
_c
BK
_0
1
999
_c
3138
_d
3138